|
|
|
|
| LEADER |
00000nab#a22000007a#4500 |
| 001 |
arbauad000167 |
| 003 |
AR-BaUAD |
| 005 |
20250711110348.0 |
| 008 |
951005|||||||||###||||||b###|0###a|spa|| |
| 040 |
|
|
|a AR-BaUAD
|c AR-BaUAD
|b spa
|
| 245 |
1 |
0 |
|a A New York a Eichholteren
|
| 300 |
0 |
|
|b cortes, fot., plantas
|
| 653 |
|
|
|a JUDD, DONALD
|
| 653 |
|
|
|a VIVIENDAS UNIFAMILIARES
|
| 653 |
|
|
|a NUEVA YORK
|
| 653 |
|
|
|a ESTADOS UNIDOS
|
| 653 |
|
|
|a SUIZA
|
| 773 |
0 |
|
|t DOMUS
|g no. 759 [abr. 1994], p. 78-85
|
| 942 |
|
|
|c ARTI
|
| 952 |
|
|
|0 0
|1 0
|4 0
|7 0
|9 45088
|a AR-BAuAD
|b AR-BAuAD
|d 2025-07-11
|l 0
|p AAQA000167
|r 2025-07-11 11:03:48
|w 2025-07-11
|y ARTI
|
| 990 |
|
|
|a AQ199
|b TD
|
| 998 |
|
|
|a AAQ
|b BIBUN76
|
| 999 |
|
|
|c 24761
|d 24761
|